Qui a dit ? Edition rap fr - Histoire Géo - Statistiques

Statistiques générales
  • Ce quiz a été pris 729 fois
  • Le résultat moyen est 11 sur 40
Statistiques - réponses
Punchline Artiste % Correct
Faut qu'j'quitte la France, elle a fait la petite frange Naps
95%
La Kiffance
90%
Le monde est à nous, le monde est à toi et moi Damso
85%
Macarena
80%
Dans l'univers, y a des milliards de vies, sur Terre sept milliards d'êtres humains Peut-être trois milliards de filles mais c'est toi qu'jveux Nekfeu
78%
Mañana Benzema Barcelona Tortilla, yah yah yah yah yah Amine
58%
Dans l'univers
53%
Sullyvan est grand, le monde est trop p'tit Et le monde est tellement grand Vald
51%
20 ans après c'est le moment Vegedream
44%
Fuck le 12, fuck le 9-1-1 Dans l'complot depuis le 9-1-1 Freeze Corleone
43%
J'viens d'la France où on danse la chenille Orelsan
40%
Ramenez la Coupe à la Maison
38%
La Roja
36%
Que des cobayes sur une piste étroite, j'ai grandi pareil La première fois qu'ils te lisent tes droits, c'est quand ils t'arrêtent Nekfeu/Damso
31%
Monte dans la caisse Viens on s'barre quequ'part dans l'Est J'ai d'la poudre quequ'part dans ma veste Et j'fuis les 22 comme la peste Oboy
31%
On est serré dans un caisse 300 va-et-vient sur Bruxelles-Paris toute l'année Roméo Elvis
30%
La Pluie
25%
Avec toi
24%
Tricheur
23%
Ils ont l'sang d'mes ancêtres sur leurs mains, ces batards ils veulent que j'vote Ziak
23%
1000°C
19%
Fixette
18%
Si j'arrêtais
9%
Tarkov
8%
30-01-2001 la machine s'met en route 2003 toujours le kif, le succès rien à foutre Sniper
7%
Deux armes en ivoire, les oreilles de l'Histoire Columbine
6%
Gravé dans la Roche
6%
Tout est cher, avec le continent y a comme une latence La plage, les palmiers, mais moi j'suis pas en vacances Bigflo & Oli
5%
Je suis
5%
Les Prélis
5%
Utopistes debout, j'ai des lyrics en stock Et si plus personne comprend, je m'exile à Pétaouchnok Stupeflip
5%
Premières punchlines en statut sur MSN De là-haut on voit la muraille de Chine et mes cernes Caballero/Jean-Jass
4%
Stupeflip Vite !
4%
J'retourne dans le passé comme Titor Winnterzuko
4%
Bethleem
3%
Le lever et le coucher sont des rituels monarchiques. Il attire le regard et recueille les hommages du public. Koba laD
3%
Trotski
3%
Hier on était mort, aujourd'hui ça va, j'veux qu'on ait l'sourire aux lèvres Et si des fois j'repense au passé c'est qu'j'ai fait du chemin t'sais qu'j'ai fait des kilomètres Livaï
2%
Quelqu'un de bien
2%
La journée du Roi Soleil/Studytracks
1%
Aucun quiz correspondant
Distribution des résultats
% des personnes avec chaque résultat
Percentile par nombre de réponses
Votre historique - résultats
Vous n’avez pas pris ce quiz